000 01099nam a2200289 a 4500
001 000006581
003 DO-SdBNP
005 20230810104656.0
008 090901s1992 dr 001 0 spa d
020 _a8489525439
040 _aDO-SdBNP
_bspa
_cBPMSU
082 4 _a 322.44
_bP438m 1992
_222
100 1 _aPérez, César
245 1 0 _aMovimientos sociales dominicanos :
_bidentidad y dilemas /
_cCésar Pérez, Leopoldo Artiles.
260 _aSanto Domingo :
_bInstituto Tecnológico De Santo Domingo,
_c1992.
300 _a158 p. :
_bil. ;
_c21 cm.
490 1 _aInvestigaciones ;
_v10
500 _aIncluye referencias bibliográficas y notas al pie de las páginas
500 _aIncluye datos biográficos de los autores en la solapa de la cubierta
650 4 _aMovimientos sociales
_zRepública Dominicana
650 4 _aGrupos de presión
_zRepública Dominicana
651 _aRepública Dominicana
_zPolítica y gobierno
700 1 _aArtiles., Leopoldo
_eautor
710 2 _aInstituto Tecnológico de Santo Domingo
910 _aVMateo V. Control de calidad. BPMSU
942 _2ddc
_cBK
999 _c14442
_d14442